Countries of the Eurasian Steppe - Statistics

General Stats
  • This quiz has been taken 77 times
  • The average score is 8 of 12
Answer Stats
Answer % Correct
Russia
100%
Ukraine
97%
Kazakhstan
92%
China
80%
Mongolia
80%
Romania
78%
Bulgaria
63%
Moldova
63%
Hungary
60%
Slovakia
48%
Serbia
42%
Austria
27%
No matching quizzes found
Score Distribution
Percent of People with Each Score
Percentile by Number Answered
Your Score History
You have not taken this quiz